| 000 | 00999naa a22003017a 4500 | ||
|---|---|---|---|
| 001 | BR8803120 | ||
| 003 | BR-BrBNA | ||
| 005 | 20240918180139.0 | ||
| 007 | ta | ||
| 008 | 230509b bl.||||| |||| 00| 0 por d | ||
| 040 |
_aBR-BrBNA _bpor _cBiblioteca Nacional de Agricultura |
||
| 041 | _a(Pt) | ||
| 072 |
_aE14; E50 _b0336 |
||
| 090 | _aE14 BR8803120 | ||
| 100 | 1 | _aFurlong, A.J. | |
| 100 | 1 | _aMuller, S.C. | |
| 100 | 1 | _aGazzoni, D.L. | |
| 111 | 1 |
_a1. Seminario Brasileiro de Soja na Alimentacao _cSao Paulo, SP (Brazil) _d23-24 Jun 1987 |
|
| 245 | 1 | _aUma nova proposta economica e social para a soja brasileira | |
| 260 | 3 |
_aSao Paulo, SP (Brasil): _c1987. |
|
| 500 | _a3. CISOJA Sao Paulo, SP (Brasil): 1987. p. 165-171 (BR8803120-AM)E14 | ||
| 650 | _aSOJA | ||
| 650 | _aDESENVOLVIMENTO ECONOMICO | ||
| 650 | _aDESENVOLVIMENTO SOCIAL | ||
| 773 | 0 |
_t3. CISOJA _w0336 BR8803098 _gSao Paulo, SP (Brasil), 1987. _q173 p. |
|
| 909 |
_a202404 _bLucia _c55 _dLucia Elande |
||
| 942 |
_cAM _2AGRIS |
||
| 999 |
_c319292 _d319292 |
||